Les Meilleurs Buteurs de Chelsea - Statistiques

Statistiques générales
  • Ce quiz a été pris 114 fois
  • Le résultat moyen est 5 sur 20
Statistiques - réponses
Buts Nation Joueur % Correct
164 Côte d'Ivoire Didier Drogba
98%
110 Belgique Eden Hazard
87%
211 Angleterre Frank Lampard
83%
59 Espagne Diego Costa
50%
80 Italie Gianfranco Zola
45%
67 Angleterre John Terry
45%
60 Côte d'Ivoire Salomon Kalou
40%
63 Brésil Willian
39%
87 Pays-Bas Jimmy Floyd Hasselbaink
16%
78 Islande Eidur Gudjohnsen
10%
177 Angleterre Bobby Tambling
2%
69 Angleterre Dennis Wise
2%
139 Angleterre Peter Osgood
2%
114 Angleterre Kerry Dixon
1%
84 Angleterre Barry Bridges
0%
131 Angleterre Jimmy Greaves
0%
61 Angleterre John Hollins
0%
67 Angleterre Ron Tindall
0%
89 Angleterre Roy Bentley
0%
87 Angleterre Tommy Baldwin
0%
Aucun quiz correspondant
Distribution des résultats
% des personnes avec chaque résultat
Percentile par nombre de réponses
Votre historique - résultats
Vous n’avez pas pris ce quiz